00330nam a2200133Ia 450000500170000000800410001708200130005810000210007124500290009225000080012126000360012930000130016565000180017820250324043141.0240331s9999 xx 000 0 und d bRAJa894 aRajanarayanan, K 0aKarisal kaaddu kaduthasi a2nd aShivagangaibAnam Pvt Ltdc1991 a236 p ., aShort Stories